000 00671nam a2200193 4500
001 107455
003 ES-MaACL
007 t|
008 061121s1974 sp r ||||1| spa d
100 1 _aMorris, Charles.
_983669
245 1 3 _aLa significación y lo significativo
_b: estudio de las relaciones entre el signo y el valor /
_cCharles Morris; traducción Jesús Antonio Cid.
260 _aMadrid :
_bAlberto Corazón,
_c1974.
300 _a146 p. ;
_c21 cm.
490 1 _aComunicación. Serie B ;
_v35
700 1 _aCid, Jesús Antonio.
_938760
830 0 _aComunicación. Serie B ;
_v35
_9182533
852 _aES-MaACL
_jE-4166
_bR.89195
999 _c107455
_d107455